Prefabrication of services (Record no. 68986)

MARC details
000 -LEADER
fixed length control field 01436cam a2200265 4500
001 - CONTROL NUMBER
control field ABS64761
008 - FIXED-LENGTH DATA ELEMENTS--GENERAL INFORMATION
fixed length control field 011203n2001 000 0 eng u
035 ## - SYSTEM CONTROL NUMBER
System control number (Sirsi) u115816
110 ## - MAIN ENTRY--CORPORATE NAME
Corporate name or jurisdiction name as entry element Mott Green Wall
245 ## - TITLE STATEMENT
Title Prefabrication of services
260 ## - PUBLICATION, DISTRIBUTION, ETC.
Date of publication, distribution, etc. 2001
490 ## - SERIES STATEMENT
Series statement Building Services Journal
Volume/sequential designation 23(11) November 2001, 28-29(2)
520 ## - SUMMARY, ETC.
Summary, etc. Explores the benefits of the specification of pre-assembled and pre-fabricated building services installations - it provides opportunities for improving project performance. The problem of low site productivity is addressed in BSRIA's 1997 report "Improving M&E site productivity" which shows the average productivity in a sample of UK projects as a low 37%. Discusses the applications for pre-assembled and pre-assembly - the benefits of which are illustrated in BSRIA's 1998 report "Pre-fabrication and pre-assembly" - which identifies marked improvements of a 30% rises in productivity associated with the use of pre-assembled plant modules. The article finishes by a look at the constraints on the greater use of pre-assembly and pre-fabrication.
590 ## - LOCAL NOTE (RLIN)
Local note ABS
650 ## - SUBJECT ADDED ENTRY--TOPICAL TERM
Topical term or geographic name entry element PREFABRICATION
650 ## - SUBJECT ADDED ENTRY--TOPICAL TERM
Topical term or geographic name entry element Block management
9 (RLIN) 6220
650 ## - SUBJECT ADDED ENTRY--TOPICAL TERM
Topical term or geographic name entry element PRE-ASSEMBLY
650 ## - SUBJECT ADDED ENTRY--TOPICAL TERM
Topical term or geographic name entry element PRODUCTIVITY
650 ## - SUBJECT ADDED ENTRY--TOPICAL TERM
Topical term or geographic name entry element BSRIA
650 ## - SUBJECT ADDED ENTRY--TOPICAL TERM
Topical term or geographic name entry element INSTALLATIONS
650 ## - SUBJECT ADDED ENTRY--TOPICAL TERM
Topical term or geographic name entry element PROJECT PERFORMANCE
690 ## - LOCAL SUBJECT ADDED ENTRY--TOPICAL TERM (OCLC, RLIN)
Topical term or geographic name as entry element Block management
9 (RLIN) 6220
710 ## - ADDED ENTRY--CORPORATE NAME
Corporate name or jurisdiction name as entry element DAVIS LANGDON AND EVEREST
942 ## - ADDED ENTRY ELEMENTS (KOHA)
Suppress in OPAC 0
Holdings
Withdrawn status Lost status Source of classification or shelving scheme Damaged status Not for loan Home library Current library Shelving location Date acquired Total Checkouts Full call number Barcode Date last seen Copy number Price effective from Koha item type
    Dewey Decimal Classification     London London Journal article 03/12/2001   ABS64761 115816-1001 06/08/2019 1 06/08/2019 Journal article